banner koha

Eficiencia do ethephon (ethrel)aplicado em plantas de abacaxi, cultivar Smooth cayenne, cultivadas em diferentes locais [Ananas comosus; Floracao; Brasil] (Registro n. 271795)

MARC details
000 -LÍDER
campo de controle de tamanho fixo 01237nac a22003137a 4500
001 - NÚMERO DE CONTROLE
campo de controle BR8100075
003 - IDENTIFICADOR DO NÚMERO DE CONTROLE
campo de controle BR-BrBNA
005 - DATA E HORÁRIO DA ÚLTIMA TRANSAÇÃO
campo de controle 20240105114855.0
008 - CAMPO DE DADOS FIXOS--INFORMAÇÃO GERAL
campo de controle de tamanho fixo 230509b bl.|||m| |||| 00| 0 por d
040 ## - FONTE DA CATALOGAÇÃO
Instituição da catalogação original BR-BrBNA
Idioma da catalogação por
Instituição que transcreveu o registro Biblioteca Nacional de Agricultura
072 ## - CÓDIGO DE CATEGORIA DE ASSUNTO
Código de Categoria de Assunto F00
090 ## - NÚMERO DE CHAMADA LOCAL
Número de chamada 1126 BR8100075
100 1# - ENTRADA PRINCIPAL--NOME PESSOAL
Nome pessoal Vieira, A.
100 1# - ENTRADA PRINCIPAL--NOME PESSOAL
Nome pessoal Gadelha, R.S. de S.
100 1# - ENTRADA PRINCIPAL--NOME PESSOAL
Nome pessoal Santos, A.C. dos
110 1# - ENTRADA PRINCIPAL--NOME CORPORATIVO
Nome corporativo ou nome da jurisdição Empresa de Pesquisa Agropecuaria do Estado do Rio de Janeiro, Niteroi (Brasil)
245 1# - TÍTULO
Título Eficiencia do ethephon (ethrel)aplicado em plantas de abacaxi, cultivar Smooth cayenne, cultivadas em diferentes locais [Ananas comosus; Floracao; Brasil]
246 1# - FORMA VARIANTE DO TÍTULO
Título/título abreviado [Efficiency of the ethephon (ethrel)applied to pineapple plants, Smooth cayenne, cultivar cropped in different sites [Ananas comosus; Blooming; Brazil]]
260 3# - PUBLICAÇÃO, DISTRIBUIÇÃO, ETC.
Local de publicação, distribuição, etc. Niteroi, RJ (Brasil):
Data da publicação, distribuição, etc. Mar 1980.
300 ## - DESCRIÇÃO FÍSICA
Extensão 2 p.
490 ## - TÍTULO DA SÉRIE
Título da série Comunicado Tecnico - Empresa de Pesquisa Agropecuaria do Estado do Rio de Janeiro (Brazil)
Número do volume ou designação sequencial da série no. 44
ISSN - International Standard Serial Number
650 ## - ASSUNTO--TERMO TÓPICO
Cabeçalho tópico ou nome geográfico Producao vegetal
650 ## - ASSUNTO--TERMO TÓPICO
Cabeçalho tópico ou nome geográfico Abacaxi
650 ## - ASSUNTO--TERMO TÓPICO
Cabeçalho tópico ou nome geográfico Floracao
650 ## - ASSUNTO--TERMO TÓPICO
Cabeçalho tópico ou nome geográfico Inducao
650 ## - ASSUNTO--TERMO TÓPICO
Cabeçalho tópico ou nome geográfico Elemento quimico
909 ## -
-- 202312
-- Lúcia Elande
-- 55
-- Lúcia Elande
942 ## - ELEMENTOS DE ENTRADA ADICIONADOS (KOHA)
Fonte da classificação ou esquema de arquivamento na estante Classificação AGRIS
Ocultar no OPAC Não
Tipo de material Koha Monografia Seriada
Exemplares
Situação do descarte Fonte da classificação ou esquema de arquivamento na estante Situação física Não pode ser emprestado Coleção Biblioteca de origem Biblioteca atual Localização na estante Total de empréstimos Número de telefone completo Código de barras Data de último acesso Tipo de material Koha Fonte de aquisição
  Classificação AGRIS       Biblioteca Nacional de Agricultura - Binagri Biblioteca Nacional de Agricultura - Binagri Agrobase - Acervo Geral   1126 BR8100075 1126 BR8100075 18/12/2023 Monografia Seriada Portaria Interministerial nº 164/94

BINAGRI

Telefone: (61)3218-2567/2388/3357/2097 - binagri@agro.gov.br

Ministério da Agricultura e Pecuária , Esplanada dos Ministérios, Bloco D, Anexo B, Brasília/DF, CEP: 70.043-900